Statistical techniques in business & economics / (Record no. 26146)
[ view plain ]
| 000 -LEADER | |
|---|---|
| fixed length control field | 01840nam a2200397 i 4500 |
| 003 - CONTROL NUMBER IDENTIFIER | |
| control field | EG-ScBUE |
| 005 - DATE AND TIME OF LATEST TRANSACTION | |
| control field | 20241120110753.0 |
| 008 - FIXED-LENGTH DATA ELEMENTS--GENERAL INFORMATION | |
| fixed length control field | 131125t2018 nyua f 001 0 eng d |
| 020 ## - INTERNATIONAL STANDARD BOOK NUMBER | |
| International Standard Book Number | 9781259921803 |
| 020 ## - INTERNATIONAL STANDARD BOOK NUMBER | |
| International Standard Book Number | 1259921808 |
| 040 ## - CATALOGING SOURCE | |
| Original cataloging agency | EG-ScBUE |
| Language of cataloging | eng |
| Description conventions | rda |
| Transcribing agency | EG-ScBUE |
| Modifying agency | EG-ScBUE |
| 082 04 - DEWEY DECIMAL CLASSIFICATION NUMBER | |
| Classification number | 519.5 |
| Item number | LIN |
| Edition number | 22 |
| 100 1# - MAIN ENTRY--PERSONAL NAME | |
| Personal name | Lind, Douglas A., |
| Relator term | author. |
| 9 (RLIN) | 3255 |
| 245 10 - TITLE STATEMENT | |
| Title | Statistical techniques in business & economics / |
| Statement of responsibility, etc | Douglas A. Lind, Coastal Carolina University and the University of Toledo, William G. Marchal, The University of Toledo, Samuel A. Wathen, Coastal Carolina University. |
| 246 3# - VARYING FORM OF TITLE | |
| Title proper/short title | Statistical techniques in business and economics |
| 250 ## - EDITION STATEMENT | |
| Edition statement | Seventeenth edition. |
| 250 ## - EDITION STATEMENT | |
| Edition statement | International student edition. |
| 264 #1 - PUBLICATION, DISTRIBUTION, ETC. (IMPRINT) | |
| Place of publication, distribution, etc | New York : |
| Name of publisher, distributor, etc | McGraw Hill Education, |
| Date of publication, distribution, etc | [2018] |
| 264 #4 - PUBLICATION, DISTRIBUTION, ETC. (IMPRINT) | |
| Date of publication, distribution, etc | c2018 |
| 300 ## - PHYSICAL DESCRIPTION | |
| Extent | xxvi, 863 pages : |
| Other physical details | illustrations ; |
| Dimensions | 28 cm. |
| 336 ## - CONTENT TYPE | |
| Source | rdacontent |
| Content type term | text |
| Content type code | txt |
| 337 ## - MEDIA TYPE | |
| Media type term | unmediated |
| Source | rdamedia |
| Media type code | n |
| 338 ## - CARRIER TYPE | |
| Carrier type term | volume |
| Carrier type code | nc |
| Source | rdacarrier |
| 490 0# - SERIES STATEMENT | |
| Series statement | McGraw-Hill/Irwin series in operations and decision sciences |
| 500 ## - GENERAL NOTE | |
| General note | Includes index. |
| 520 ## - SUMMARY, ETC. | |
| Summary, etc | Includes a coverage of statistical concepts and methods delivered in a student friendly, step-by-step format. This book presents concepts clearly and succinctly with a conversational writing style and illustrates concepts through the liberal use of business-focused examples that are relevant to the current world of a college student. |
| 650 #7 - SUBJECT ADDED ENTRY--TOPICAL TERM | |
| Topical term or geographic name as entry element | Commercial statistics. |
| Source of heading or term | BUEsh |
| 9 (RLIN) | 802 |
| 650 #7 - SUBJECT ADDED ENTRY--TOPICAL TERM | |
| Topical term or geographic name as entry element | Economics |
| General subdivision | Statistical methods. |
| Source of heading or term | BUEsh |
| 9 (RLIN) | 3258 |
| 650 #7 - SUBJECT ADDED ENTRY--TOPICAL TERM | |
| Topical term or geographic name as entry element | Economics |
| General subdivision | Statistical methods. |
| Source of heading or term | BUEsh |
| 651 ## - SUBJECT ADDED ENTRY--GEOGRAPHIC NAME | |
| Source of heading or term | BUEsh |
| 653 ## - INDEX TERM--UNCONTROLLED | |
| Resource For college | BAEPS, Business Administration |
| Arrived date list | February2018 |
| 655 ## - INDEX TERM--GENRE/FORM | |
| Form subdivision | Text book |
| 9 (RLIN) | 33728 |
| 700 1# - ADDED ENTRY--PERSONAL NAME | |
| Personal name | Marchal, William G., |
| Relator term | author. |
| 9 (RLIN) | 3260 |
| 700 1# - ADDED ENTRY--PERSONAL NAME | |
| Personal name | Wathen, Samuel Adam, |
| Relator term | author. |
| 9 (RLIN) | 3261 |
| 942 ## - ADDED ENTRY ELEMENTS (KOHA) | |
| Source of classification or shelving scheme | Dewey Decimal Classification |
| Koha item type | Book - Borrowing |
| Withdrawn status | Lost status | Source of classification or shelving scheme | Damaged status | Not for loan | Collection code | Home library | Current library | Shelving location | Date acquired | Source of acquisition | Total Checkouts | Full call number | Barcode | Date last seen | Price effective from | Koha item type | Total Renewals | Date checked out |
|---|---|---|---|---|---|---|---|---|---|---|---|---|---|---|---|---|---|---|
| Dewey Decimal Classification | Baccah | Central Library | Central Library | First floor | 18/02/2018 | Purchase | 519.5 LIN | 000042964 | 15/07/2025 | 18/02/2018 | NB - Book (Non borrowing) | |||||||
| Dewey Decimal Classification | Baccah | Central Library | Central Library | First floor | 18/02/2018 | Purchase | 519.5 LIN | 000042965 | 15/07/2025 | 18/02/2018 | NB - Book (Non borrowing) | |||||||
| Dewey Decimal Classification | Baccah | Central Library | Central Library | First floor | 18/02/2018 | Purchase | 2 | 519.5 LIN | 000042966 | 15/07/2025 | 18/02/2018 | Book - Borrowing | 16 | 12/04/2021 | ||||
| Dewey Decimal Classification | Baccah | Central Library | Central Library | First floor | 18/02/2018 | Purchase | 3 | 519.5 LIN | 000042967 | 15/07/2025 | 18/02/2018 | Book - Borrowing | 48 | 21/02/2022 | ||||
| Dewey Decimal Classification | Baccah | Central Library | Central Library | First floor | 18/02/2018 | Purchase | 1 | 519.5 LIN | 000042968 | 15/07/2025 | 18/02/2018 | Book - Borrowing | 1 | 26/02/2019 |